[Event "Gibtelecom Festival 2010 - Masters"]
[Site "Gibraltar ENG"]
[Date "2010.02.04"]
[Round "10.59"]
[White "Lyell, Mark"]
[Black "Valgmae, Toomas"]
[Result "0-1"]
[WhiteElo "2224"]
[BlackElo "2154"]
[PlyCount "120"]
[EventDate "2010.01.26"]
[EventType "swiss"]
[EventRounds "10"]
[EventCountry "ENG"]
[Source "lmi"]
[SourceDate "2010.01.26"]

1. e4 d6 2. Nc3 Nf6 3. f4 g6 4. Bc4 Bg7 5. d3 O-O 6. Nf3 c5 7. O-O Nc6 8. Qe1
Na5 9. Qh4 Nxc4 10. dxc4 e6 11. e5 Nd7 12. Qg3 dxe5 13. Ne4 f6 14. fxe5 Nxe5
15. Be3 Nxc4 16. Rfd1 Bd7 17. Bxc5 Rf7 18. b3 b6 19. Bb4 a5 20. Bc3 Ne3 21. Ne5
fxe5 22. Qxe3 Qc7 23. Nd6 Rf4 24. Bxe5 Bxe5 25. Qxe5 Raf8 26. c4 Qc5+ 27. Qxc5
bxc5 28. Rf1 Bc6 29. Nb5 Bxb5 30. Rxf4 Rxf4 31. g3 Rd4 32. cxb5 Rb4 33. Rd1
Rxb5 34. Rd7 a4 35. bxa4 Rb1+ 36. Kf2 Rb2+ 37. Ke3 Rxa2 38. Ra7 Rxh2 39. a5 Rg2
40. Kf4 e5+ 41. Kf3 Ra2 42. Ke4 c4 43. Kxe5 c3 44. a6 Ra1 45. Rc7 Rxa6 46. Rxc3
Ra7 47. g4 Rf7 48. Ke6 Kg7 49. g5 Ra7 50. Rc1 h6 51. gxh6+ Kxh6 52. Rh1+ Kg7
53. Rf1 g5 54. Ke5 Re7+ 55. Kd4 Kg6 56. Kd3 g4 57. Kd2 Kg5 58. Re1 Rxe1 59.
Kxe1 Kh4 60. Kf1 Kh3 0-1

[Event "Gibtelecom Festival 2010 - Masters"]
[Site "Gibraltar ENG"]
[Date "2010.02.04"]
[Round "10.63"]
[White "Carame Gonzalez, Francisco"]
[Black "Martsynovskaya, Marina"]
[Result "1-0"]
[WhiteElo "1977"]
[BlackElo "2184"]
[PlyCount "99"]
[EventDate "2010.01.26"]
[EventType "swiss"]
[EventRounds "10"]
[EventCountry "ENG"]
[Source "lmi"]
[SourceDate "2010.01.26"]

1. e4 e5 2. Nf3 Nc6 3. d4 exd4 4. Nxd4 Bb4+ 5. c3 Be7 6. Be3 Nf6 7. Nd2 Nxd4 8.
cxd4 O-O 9. Be2 d6 10. O-O c5 11. f3 b6 12. Re1 Bb7 13. Nf1 Rc8 14. d5 a6 15.
a4 Re8 16. Qd2 Nd7 17. Ng3 g6 18. Bh6 Bf6 19. f4 Bd4+ 20. Kh1 Qf6 21. Rf1 Bxb2
22. e5 dxe5 23. Ne4 Qe7 24. Qxb2 Bxd5 25. Nc3 Bb7 26. Bc4 Qh4 27. Bg5 Qg4 28.
Nd5 exf4 29. Bxf4 Re6 30. Ne3 Rxe3 31. Bxf7+ Kxf7 32. Bxe3+ Kg8 33. Bh6 Qd4 34.
Qe2 Ne5 35. Rad1 Qg4 36. Qf2 Nf3 37. gxf3 c4 38. Rd4 Qe6 39. Rfd1 Qf6 40. Kg2
c3 41. Be3 b5 42. Qa2+ Kh8 43. Rf4 c2 44. Re1 Qg5+ 45. Kf2 Bd5 46. Qb2+ Kg8 47.
Rf8+ Rxf8 48. Bxg5 Bxf3 49. Bh6 Bc6+ 50. Bxf8 1-0

[Event "Gibtelecom Festival 2010 - Masters"]
[Site "Gibraltar ENG"]
[Date "2010.02.04"]
[Round "10.64"]
[White "Freuler, Roman"]
[Black "Royset, Paal"]
[Result "1-0"]
[WhiteElo "2082"]
[BlackElo "2279"]
[PlyCount "97"]
[EventDate "2010.01.26"]
[EventType "swiss"]
[EventRounds "10"]
[EventCountry "ENG"]
[Source "lmi"]
[SourceDate "2010.01.26"]

1. e4 c5 2. c4 Nc6 3. Nc3 g6 4. g3 Bg7 5. Bg2 a6 6. Nge2 e6 7. d3 Nge7 8. Be3
Nd4 9. Rb1 O-O 10. O-O d6 11. Qd2 Re8 12. Bh6 Bh8 13. Nxd4 cxd4 14. Ne2 Bd7 15.
Rfe1 Bc6 16. h4 d5 17. exd5 exd5 18. c5 Nf5 19. Bg5 Qd7 20. Kh2 Be5 21. Bf4 f6
22. Ng1 Qc7 23. Nh3 Re7 24. Re2 Rae8 25. Rbe1 Ng7 26. Bf3 Nf5 27. Bg2 Kg7 28.
b4 h6 29. Kg1 Kh7 30. a3 Qd7 31. Kh2 Kg7 32. Bf3 Qc7 33. Bg2 Rh8 34. Bxe5 fxe5
35. Qa2 e4 36. dxe4 d3 37. Qb2+ Kh7 38. exf5 dxe2 39. fxg6+ Kg8 40. Rxe2 Rxe2
41. Qxe2 Qd7 42. Nf4 d4 43. Bh3 d3 44. Nxd3 Qe8 45. Be6+ Kg7 46. Qe5+ Kxg6 47.
Nf4+ Kh7 48. Qf5+ Kg7 49. Nh5+ 1-0

[Event "Gibtelecom Festival 2010 - Masters"]
[Site "Gibraltar ENG"]
[Date "2010.02.04"]
[Round "10.65"]
[White "Schuetze, Norman"]
[Black "Pienabarca, Nicola"]
[Result "0-1"]
[WhiteElo "2269"]
[BlackElo "2071"]
[PlyCount "124"]
[EventDate "2010.01.26"]
[EventType "swiss"]
[EventRounds "10"]
[EventCountry "ENG"]
[Source "lmi"]
[SourceDate "2010.01.26"]

1. e4 e5 2. Nf3 Nc6 3. d4 exd4 4. Nxd4 Nf6 5. Nxc6 bxc6 6. e5 Qe7 7. Qe2 Nd5 8.
c4 Ba6 9. b3 O-O-O 10. g3 g5 11. Bg2 Bg7 12. Bb2 Rde8 13. O-O Bxe5 14. Qxe5
Qxe5 15. Bxe5 Rxe5 16. cxd5 Bxf1 17. Kxf1 cxd5 18. Na3 c6 19. Nc2 Kc7 20. Rd1
h5 21. h3 h4 22. g4 f5 23. gxf5 Rxf5 24. Ne3 Rf7 25. Rd2 Rhf8 26. Kg1 Re8 27.
Rd4 Ref8 28. Rd2 Rb8 29. Nc2 Rf4 30. Ne3 Rf7 31. Bf1 Rf4 32. Be2 Rfb4 33. Nc2
Re4 34. Kg2 Rbe8 35. Bg4 R4e7 36. Nd4 Rf7 37. b4 Rff8 38. a3 Re4 39. Nb3 Re1
40. Nc5 Rf7 41. Nb3 Rfe7 42. Nd4 R1e4 43. Nf3 Rg7 44. Rd3 a5 45. bxa5 Ra4 46.
Nd4 Rxa5 47. Bd1 Rf7 48. a4 Kd6 49. Rd2 c5 50. Nb5+ Kc6 51. Bf3 Rxf3 52. Kxf3
Rxa4 53. Rb2 Rb4 54. Rxb4 cxb4 55. Nd4+ Kc5 56. Ke3 Kc4 57. Ne2 b3 58. Kd2 d4
59. Kc1 d3 60. Ng1 Kc3 61. Nf3 b2+ 62. Kd1 b1=Q# 0-1

[Event "Gibtelecom Festival 2010 - Masters"]
[Site "Gibraltar ENG"]
[Date "2010.02.04"]
[Round "10.66"]
[White "Dasaolu, Adeoye"]
[Black "Hartvig, Ove Weiss"]
[Result "0-1"]
[WhiteElo "2068"]
[BlackElo "2245"]
[PlyCount "58"]
[EventDate "2010.01.26"]
[EventType "swiss"]
[EventRounds "10"]
[EventCountry "ENG"]
[Source "lmi"]
[SourceDate "2010.01.26"]

1. d4 c5 2. Nf3 Nf6 3. c4 cxd4 4. Nxd4 e5 5. Nb5 d5 6. cxd5 Bc5 7. N5c3 O-O 8.
e3 e4 9. Bc4 Qe7 10. a3 Rd8 11. b4 Bb6 12. Bb2 Bf5 13. Nd2 Nbd7 14. Qb3 Ne5 15.
Na4 Bc7 16. Bd4 Nxc4 17. Qxc4 Nxd5 18. Nc5 b6 19. Ncb3 Rac8 20. Qe2 Rd6 21. g4
Bd7 22. h4 Bb8 23. g5 Nc3 24. Qh5 Rxd4 25. Nxd4 g6 26. Qh6 Be5 27. h5 Bg7 28.
hxg6 Bxh6 29. gxh7+ Kh8 0-1

[Event "Gibtelecom Festival 2010 - Masters"]
[Site "Gibraltar ENG"]
[Date "2010.02.04"]
[Round "10.67"]
[White "Byron, Alan M"]
[Black "Nadig, Kruttika"]
[Result "0-1"]
[WhiteElo "2054"]
[BlackElo "2240"]
[PlyCount "96"]
[EventDate "2010.01.26"]
[EventType "swiss"]
[EventRounds "10"]
[EventCountry "ENG"]
[Source "lmi"]
[SourceDate "2010.01.26"]

1. c4 Nf6 2. Nc3 d5 3. cxd5 Nxd5 4. g3 g6 5. Bg2 Nb6 6. Nf3 Bg7 7. O-O O-O 8.
d3 Nc6 9. Be3 h6 10. a3 Be6 11. Qd2 Kh7 12. b4 Qd7 13. Ne4 Nd5 14. b5 Nxe3 15.
fxe3 Nd8 16. Rab1 Bd5 17. Nc3 Bxf3 18. Bxf3 c6 19. a4 cxb5 20. axb5 h5 21. Ne4
Ne6 22. d4 Bh6 23. Qd3 Rac8 24. Ra1 b6 25. Nf2 Qc7 26. Ra3 Ng7 27. Rfa1 Nf5 28.
e4 Ne3 29. Rxa7 Qxa7 30. Rxa7 Rc1+ 31. Nd1 Rxd1+ 32. Qxd1 Nxd1 33. Rxe7 Be3+
34. Kh1 Bxd4 35. Rd7 Nf2+ 36. Kg2 Bc5 37. h3 Re8 38. Rxf7+ Kh6 39. g4 hxg4 40.
hxg4 Nxe4 41. Rd7 Nc3 42. Bc6 Rxe2+ 43. Kf3 Rf2+ 44. Kg3 Ne2+ 45. Kh3 Be3 46.
Be4 Bf4 47. Bg2 Ng1+ 48. Kh4 g5# 0-1

[Event "Gibtelecom Festival 2010 - Masters"]
[Site "Gibraltar ENG"]
[Date "2010.02.04"]
[Round "10.68"]
[White "Hamer, Martyn"]
[Black "Nuri, Kambez"]
[Result "1-0"]
[WhiteElo "2039"]
[BlackElo "2235"]
[PlyCount "71"]
[EventDate "2010.01.26"]
[EventType "swiss"]
[EventRounds "10"]
[EventCountry "ENG"]
[Source "lmi"]
[SourceDate "2010.01.26"]

1. d4 d6 2. Bg5 Nd7 3. Nf3 Ngf6 4. Nbd2 g6 5. e4 Bg7 6. c3 O-O 7. Bd3 c6 8. O-O
Qc7 9. Re1 e5 10. a4 Nh5 11. Nc4 f6 12. Bd2 Kh8 13. Ne3 Nf4 14. Bf1 Rd8 15. a5
Nf8 16. d5 cxd5 17. Nxd5 Nxd5 18. exd5 Nd7 19. b4 b6 20. axb6 Nxb6 21. Qb3 h6
22. Be3 f5 23. Red1 g5 24. Ra5 f4 25. Bxb6 Qxb6 26. Nd2 g4 27. Nc4 Qc7 28. Qc2
Re8 29. Qg6 Rd8 30. Bd3 Kg8 31. Rda1 Qe7 32. Nb6 Rb8 33. Nxc8 Rdxc8 34. Rxa7
Qf6 35. Qh7+ Kf8 36. Bg6 1-0

[Event "Gibtelecom Festival 2010 - Masters"]
[Site "Gibraltar ENG"]
[Date "2010.02.04"]
[Round "10.69"]
[White "Lacrosse, Marc"]
[Black "Jameson, David"]
[Result "1-0"]
[WhiteElo "2220"]
[BlackElo "2053"]
[PlyCount "59"]
[EventDate "2010.01.26"]
[EventType "swiss"]
[EventRounds "10"]
[EventCountry "ENG"]
[Source "lmi"]
[SourceDate "2010.01.26"]

1. d4 d5 2. c4 c6 3. Nf3 Nf6 4. Nc3 e6 5. Bg5 dxc4 6. e4 b5 7. e5 h6 8. Bh4 g5
9. exf6 gxh4 10. Ne5 Qxf6 11. a4 Bb4 12. Be2 Bb7 13. Bf3 Qe7 14. O-O Bxc3 15.
bxc3 a6 16. Re1 Rg8 17. axb5 cxb5 18. d5 Nd7 19. dxe6 Nxe5 20. Rxe5 f6 21. Bxb7
Qxb7 22. Qh5+ Kd8 23. Rd5+ Kc8 24. Rad1 Qg7 25. g3 hxg3 26. hxg3 Ra7 27. Rd7
Rxd7 28. Rxd7 Qg5 29. Qf3 Qc1+ 30. Kh2 1-0

[Event "Gibtelecom Festival 2010 - Masters"]
[Site "Gibraltar ENG"]
[Date "2010.02.04"]
[Round "10.70"]
[White "Ashby, Anthony C"]
[Black "Obiamiwe, Paul"]
[Result "1-0"]
[WhiteElo "2178"]
[BlackElo "2046"]
[PlyCount "81"]
[EventDate "2010.01.26"]
[EventType "swiss"]
[EventRounds "10"]
[EventCountry "ENG"]
[Source "lmi"]
[SourceDate "2010.01.26"]

1. d4 Nf6 2. c4 g6 3. Nc3 Bg7 4. e4 d6 5. Be3 O-O 6. f3 c5 7. d5 e6 8. Bd3 Re8
9. Nge2 exd5 10. cxd5 a6 11. a4 b6 12. O-O Nbd7 13. Ng3 Ne5 14. Be2 Rb8 15. h3
h5 16. Bg5 Qc7 17. Qd2 Nh7 18. Be3 Qe7 19. Rad1 Qh4 20. f4 Bxh3 21. Bf2 Bxg2
22. Kxg2 Ng4 23. Rh1 Qe7 24. Bxg4 hxg4 25. Qe2 b5 26. axb5 axb5 27. Rde1 b4 28.
Nd1 Nf6 29. Qd3 Nd7 30. b3 Ra8 31. Ne3 Nf6 32. Nc4 Ra2 33. e5 dxe5 34. Rxe5 Qd7
35. Rd1 Rd8 36. d6 Nh5 37. Nxh5 gxh5 38. Rxh5 Qc6+ 39. Qd5 Qxd5+ 40. Rhxd5 Bd4
41. Rd2 1-0

[Event "Gibtelecom Festival 2010 - Masters"]
[Site "Gibraltar ENG"]
[Date "2010.02.04"]
[Round "10.71"]
[White "Flores Chico, Jorge"]
[Black "Haarr, Jon Kristian"]
[Result "0-1"]
[WhiteElo "2052"]
[BlackElo "2157"]
[PlyCount "66"]
[EventDate "2010.01.26"]
[EventType "swiss"]
[EventRounds "10"]
[EventCountry "ENG"]
[Source "lmi"]
[SourceDate "2010.01.26"]

1. e4 c5 2. Nf3 d6 3. d4 cxd4 4. Nxd4 Nf6 5. Nc3 g6 6. Be3 Bg7 7. f3 Nc6 8. Qd2
O-O 9. g4 Ne5 10. h4 Be6 11. h5 Nxf3+ 12. Nxf3 Bxg4 13. hxg6 Bxf3 14. gxh7+ Kh8
15. Rg1 Qa5 16. Rg5 Qd8 17. Bh3 e6 18. Qf2 Nxe4 19. Nxe4 Bxe4 20. Rxg7 Kxg7 21.
O-O-O Bg6 22. Bd4+ e5 23. Be3 Rh8 24. Rg1 Rxh7 25. Bg5 Qe8 26. Qf6+ Kg8 27. Bh4
Rg7 28. Bg5 Qa4 29. Kb1 Qxc2+ 30. Ka1 Qh2 31. Qf1 Bd3 32. Qg2 Qxg2 33. Rxg2 Bf1
0-1

[Event "Gibtelecom Festival 2010 - Masters"]
[Site "Gibraltar ENG"]
[Date "2010.02.04"]
[Round "10.73"]
[White "Weber, Francois"]
[Black "Odeh, Kenneth"]
[Result "1-0"]
[WhiteElo "2149"]
[BlackElo "2012"]
[PlyCount "71"]
[EventDate "2010.01.26"]
[EventType "swiss"]
[EventRounds "10"]
[EventCountry "ENG"]
[Source "lmi"]
[SourceDate "2010.01.26"]

1. e4 c5 2. Nf3 d6 3. d4 cxd4 4. Nxd4 Nf6 5. Nc3 a6 6. Bg5 e6 7. f4 b5 8. e5
dxe5 9. fxe5 Qc7 10. Qe2 Nfd7 11. O-O-O b4 12. Ne4 Qxe5 13. Nf3 Qc7 14. g3 Nc6
15. Bh3 f6 16. Bxe6 Nde5 17. Bxc8 Rxc8 18. Bf4 b3 19. axb3 Qa5 20. Bxe5 fxe5
21. Qc4 Bb4 22. Kb1 Ne7 23. Qe6 Rc6 24. Qd7+ Kf7 25. Rhf1 Rf6 26. Nxf6 gxf6 27.
c3 Bxc3 28. bxc3 Rb8 29. Kb2 Qc5 30. Qd6 Qb5 31. Nxe5+ Kg8 32. Qe6+ Kh8 33.
Qxf6+ Kg8 34. Qe6+ Kh8 35. Nf7+ Kg7 36. Qf6+ 1-0

[Event "Gibtelecom Festival 2010 - Masters"]
[Site "Gibraltar ENG"]
[Date "2010.02.04"]
[Round "10.74"]
[White "Stanek, Stanislav"]
[Black "Goodger, Martyn"]
[Result "1/2-1/2"]
[WhiteElo "2007"]
[BlackElo "2147"]
[PlyCount "44"]
[EventDate "2010.01.26"]
[EventType "swiss"]
[EventRounds "10"]
[EventCountry "ENG"]
[Source "lmi"]
[SourceDate "2010.01.26"]

1. d4 f5 2. h3 Nf6 3. g4 d5 4. Qd3 g6 5. g5 Ne4 6. Bf4 Nc6 7. c3 e5 8. dxe5
Nxg5 9. Bxg5 Qxg5 10. Nd2 Nxe5 11. Qxd5 Qe7 12. Ngf3 Nxf3+ 13. Nxf3 Bg7 14. Nd4
Rb8 15. Bg2 Bd7 16. Qb3 Bxd4 17. cxd4 Be6 18. d5 Bf7 19. Qa4+ Qd7 20. Qxa7 O-O
21. Qc5 Rfe8 22. Rc1 Re7 1/2-1/2

[Event "Gibtelecom Festival 2010 - Masters"]
[Site "Gibraltar ENG"]
[Date "2010.02.04"]
[Round "10.75"]
[White "Lipecki, Alexander"]
[Black "Hughes, Roy"]
[Result "1/2-1/2"]
[WhiteElo "2146"]
[BlackElo "1976"]
[PlyCount "40"]
[EventDate "2010.01.26"]
[EventType "swiss"]
[EventRounds "10"]
[EventCountry "ENG"]
[Source "lmi"]
[SourceDate "2010.01.26"]

1. e4 d5 2. Nc3 dxe4 3. Nxe4 Bf5 4. Ng3 Bg6 5. d4 e6 6. Nf3 Nd7 7. h4 h6 8. h5
Bh7 9. Bd3 Bxd3 10. Qxd3 Ngf6 11. Bd2 Bd6 12. Ne2 a6 13. Qb3 b5 14. a4 O-O 15.
axb5 axb5 16. O-O c6 17. Bf4 Qc7 18. Bxd6 Qxd6 19. Ng3 Nb6 20. Ne5 Qxd4 1/2-1/2

[Event "Gibtelecom Festival 2010 - Masters"]
[Site "Gibraltar ENG"]
[Date "2010.02.04"]
[Round "10.78"]
[White "Jacobsen, Fredrik Beer"]
[Black "Collier, David O"]
[Result "0-1"]
[WhiteElo "1952"]
[BlackElo "2118"]
[PlyCount "90"]
[EventDate "2010.01.26"]
[EventType "swiss"]
[EventRounds "10"]
[EventCountry "ENG"]
[Source "lmi"]
[SourceDate "2010.01.26"]

1. e4 c6 2. d4 d5 3. exd5 cxd5 4. c4 Nf6 5. Nc3 e6 6. Nf3 Be7 7. Bg5 O-O 8. c5
h6 9. Bf4 b6 10. Nb5 Ne8 11. Bxb8 Rxb8 12. Nxa7 Bb7 13. Ne5 bxc5 14. Nac6 Qc7
15. Nxb8 cxd4 16. Qxd4 Bc5 17. Qc3 d4 18. Qg3 Nf6 19. Nec6 Bd6 20. Qb3 Bxc6 21.
Nxc6 Qxc6 22. Be2 Rb8 23. Qc4 Qxg2 24. O-O-O e5 25. f3 Qh3 26. Kb1 Qd7 27. Rhg1
Qb7 28. b3 Nd5 29. Ka1 Ne3 30. Qc1 Ra8 31. Bc4 Ba3 32. Qd2 Bb4 33. Qc1 Rxa2+
34. Kxa2 Qa7+ 35. Kb1 Bc3 36. Qxe3 dxe3 37. Rd8+ Kh7 38. Bd3+ g6 39. Kc2 Bd4
40. Bc4 Qa5 41. Rxd4 exd4 42. Rd1 Qa2+ 43. Kd3 Qf2 44. Ra1 e2 45. Ra2 Qe3+ 0-1

[Event "Gibtelecom Festival 2010 - Masters"]
[Site "Gibraltar ENG"]
[Date "2010.02.04"]
[Round "10.80"]
[White "Sommerhalder, Eric"]
[Black "Popa-Matei, Viorel-Ovidiu"]
[Result "1/2-1/2"]
[WhiteElo "1899"]
[BlackElo "2137"]
[PlyCount "79"]
[EventDate "2010.01.26"]
[EventType "swiss"]
[EventRounds "10"]
[EventCountry "ENG"]
[Source "lmi"]
[SourceDate "2010.01.26"]

1. e4 e5 2. Nf3 Nc6 3. Bb5 a6 4. Bxc6 dxc6 5. O-O Bg4 6. h3 h5 7. d3 Qf6 8.
Nbd2 g5 9. Re1 Bc5 10. Nb3 Bxf3 11. Qxf3 Qxf3 12. gxf3 Be7 13. d4 f6 14. dxe5
fxe5 15. Be3 O-O-O 16. Rad1 Nh6 17. Nc5 Rd6 18. Kf1 Rf8 19. Ke2 Rdf6 20. Nd7
Rxf3 21. Nxf8 Rxf8 22. Rg1 Nf7 23. Rg2 Rg8 24. Rdg1 Kd7 25. f3 Rh8 26. Bxg5
Nxg5 27. Rxg5 Bxg5 28. Rxg5 Kd6 29. Ke3 Rh7 30. f4 exf4+ 31. Kxf4 Rf7+ 32. Rf5
Rg7 33. e5+ Ke7 34. Rg5 Rf7+ 35. Rf5 Rg7 36. Rxh5 Rg2 37. Rh7+ Ke6 38. Rh6+ Ke7
39. Rh7+ Ke6 40. Rh6+ 1/2-1/2

[Event "Gibtelecom Festival 2010 - Masters"]
[Site "Gibraltar ENG"]
[Date "2010.02.04"]
[Round "10.81"]
[White "Marder, Simon"]
[Black "Compton, Alistair"]
[Result "1-0"]
[WhiteElo "1993"]
[BlackElo "2066"]
[PlyCount "81"]
[EventDate "2010.01.26"]
[EventType "swiss"]
[EventRounds "10"]
[EventCountry "ENG"]
[Source "lmi"]
[SourceDate "2010.01.26"]

1. d4 e6 2. e4 d5 3. Nc3 Bb4 4. Nge2 dxe4 5. a3 Be7 6. Nxe4 Nf6 7. N2g3 Bd7 8.
Bd3 Bc6 9. c3 Nbd7 10. Bf4 Nxe4 11. Nxe4 Nf6 12. Qe2 Qd5 13. f3 O-O-O 14. O-O
Kb8 15. b4 Nh5 16. Be3 f5 17. Bc4 Qd7 18. Nc5 Bxc5 19. bxc5 Nf6 20. Bg5 Rde8
21. Rfd1 h6 22. Bxf6 gxf6 23. a4 Rhg8 24. a5 Rg7 25. Ra2 Bd5 26. Rb2 Reg8 27.
Qf1 Qa4 28. Bxd5 exd5 29. Rdb1 Kc8 30. Kh1 c6 31. Qd3 Qxa5 32. Qxf5+ Kb8 33.
Qxf6 Ka8 34. Qxh6 Rg6 35. Qe3 R6g7 36. g3 Qd8 37. Re1 Rh7 38. f4 Qd7 39. Qe6
Qd8 40. Rbe2 a6 41. Qxg8 1-0

[Event "Gibtelecom Festival 2010 - Masters"]
[Site "Gibraltar ENG"]
[Date "2010.02.04"]
[Round "10.82"]
[White "De Lillo, Michele"]
[Black "Haraldsson, Leif"]
[Result "1/2-1/2"]
[WhiteElo "1934"]
[BlackElo "2050"]
[PlyCount "59"]
[EventDate "2010.01.26"]
[EventType "swiss"]
[EventRounds "10"]
[EventCountry "ENG"]
[Source "lmi"]
[SourceDate "2010.01.26"]

1. e4 e5 2. Nf3 d6 3. Nc3 c6 4. a4 h6 5. Bc4 Qf6 6. h3 Nd7 7. d4 Ne7 8. dxe5
dxe5 9. Be3 Ng6 10. a5 Bb4 11. Qe2 O-O 12. O-O Kh8 13. Ra4 Bd6 14. Qd2 Nc5 15.
Raa1 Bxh3 16. Bxh6 Bxg2 17. Kxg2 gxh6 18. Qxh6+ Kg8 19. Rh1 Nf4+ 20. Kg3 Qxh6
21. Rxh6 Nce6 22. Nh4 Rfd8 23. Nf5 Bf8 24. Rh2 Bg7 25. Rah1 b5 26. axb6 axb6
27. Rh7 Bf6 28. R7h6 Bg7 29. Rh7 Bf6 30. R7h6 1/2-1/2

[Event "Gibtelecom Festival 2010 - Masters"]
[Site "Gibraltar ENG"]
[Date "2010.02.04"]
[Round "10.84"]
[White "Matto, Manuel"]
[Black "Mortensen, Henrik"]
[Result "0-1"]
[WhiteElo "1824"]
[BlackElo "2015"]
[PlyCount "100"]
[EventDate "2010.01.26"]
[EventType "swiss"]
[EventRounds "10"]
[EventCountry "ENG"]
[Source "lmi"]
[SourceDate "2010.01.26"]

1. d4 Nc6 2. Nf3 d6 3. e4 g6 4. h3 Bg7 5. c3 e5 6. Bb5 Bd7 7. d5 Nb8 8. Bxd7+
Nxd7 9. O-O Ngf6 10. Qe2 O-O 11. Bg5 h6 12. Bh4 g5 13. Bg3 Nh5 14. Nbd2 Nf4 15.
Bxf4 gxf4 16. Nh2 Qf6 17. Kh1 Qg6 18. Ndf3 Bf6 19. Ng4 Be7 20. g3 Qh5 21. Kg2
f5 22. exf5 Rxf5 23. b4 Raf8 24. Qe4 Bd8 25. a4 Kh8 26. c4 Qg6 27. Qe2 Rg8 28.
Rae1 h5 29. Ngh2 fxg3 30. fxg3 Qxg3+ 31. Kh1 Qxh3 32. Ng1 Rxf1 33. Rxf1 Qh4 34.
Rf7 Nf6 35. Qe3 Qxh2+ 36. Kxh2 Ng4+ 37. Kh3 Nxe3 38. Nf3 Nxc4 39. Rf5 h4 40.
Nxh4 Bxh4 41. Kxh4 Ne3 42. Rf7 Nxd5 43. Kh5 Rg7 44. Rf8+ Kh7 45. b5 e4 46. Ra8
e3 47. b6 axb6 48. a5 e2 49. axb6 e1=Q 50. Rh8+ Kxh8 0-1

[Event "Gibtelecom Festival 2010 - Masters"]
[Site "Gibraltar ENG"]
[Date "2010.02.04"]
[Round "10.85"]
[White "Steinskog, Asbjorn Ottesen"]
[Black "Lombart, Philippe"]
[Result "1/2-1/2"]
[WhiteElo "1884"]
[BlackElo "1996"]
[PlyCount "59"]
[EventDate "2010.01.26"]
[EventType "swiss"]
[EventRounds "10"]
[EventCountry "ENG"]
[Source "lmi"]
[SourceDate "2010.01.26"]

1. e4 e5 2. Nf3 Nc6 3. d4 exd4 4. Nxd4 Bc5 5. Nxc6 bxc6 6. Bc4 Qf6 7. Qf3 Qxf3
8. gxf3 Ne7 9. Be3 Bxe3 10. fxe3 d5 11. Bd3 Ng6 12. f4 Rb8 13. Nd2 O-O 14.
O-O-O Rb6 15. c4 dxe4 16. Bxe4 Rd8 17. Bxg6 hxg6 18. Rde1 Be6 19. Kc2 Rdb8 20.
b3 c5 21. e4 Ra6 22. a4 Rd6 23. Re3 Rbd8 24. Nb1 Rd4 25. Rf1 Bg4 26. Rf2 Re8
27. Nd2 Bf5 28. Rfe2 Bg4 29. Rf2 Bf5 30. Rfe2 1/2-1/2

[Event "Gibtelecom Festival 2010 - Masters"]
[Site "Gibraltar ENG"]
[Date "2010.02.04"]
[Round "10.88"]
[White "Johnson, Paul A"]
[Black "Lumsdon, Andrew"]
[Result "0-1"]
[WhiteElo "1904"]
[BlackElo "2090"]
[PlyCount "162"]
[EventDate "2010.01.26"]
[EventType "swiss"]
[EventRounds "10"]
[EventCountry "ENG"]
[Source "lmi"]
[SourceDate "2010.01.26"]

1. d4 Nf6 2. Nf3 g6 3. c4 c5 4. d5 b5 5. cxb5 a6 6. b6 d6 7. Nc3 Nbd7 8. h3 Bg7
9. e4 Qxb6 10. Be2 O-O 11. O-O Rb8 12. Qc2 Ne8 13. Nd2 Nc7 14. Nc4 Qb4 15. Bf4
Ne5 16. Bxe5 dxe5 17. Rab1 Ne8 18. Rfd1 Nd6 19. b3 f5 20. f3 Qb7 21. Na5 Qc7
22. Nc6 Ra8 23. Na4 Bb7 24. Nxc5 Qb6 25. Kh1 Bxc6 26. dxc6 Qxc6 27. Bc4+ Nxc4
28. Qxc4+ Kh8 29. Ne6 Qxc4 30. bxc4 Rfc8 31. Nxg7 Kxg7 32. Rd7 Rxc4 33. exf5
Re8 34. fxg6 hxg6 35. Rbb7 Ra4 36. Rd2 Kf6 37. Kh2 Rc8 38. Rb6+ Kf7 39. Re2 Rc5
40. Rb3 Kf6 41. Rbe3 Rca5 42. Kg3 Rxa2 43. Rxe5 Rxe5 44. Rxa2 a5 45. f4 Rb5 46.
Ra3 e5 47. Kf3 exf4 48. Kxf4 Rb4+ 49. Ke3 a4 50. Ke2 Kg5 51. Rg3+ Kh5 52. Kd1
Rb3 53. Rg4 a3 54. Ra4 Rb1+ 55. Kc2 Rb2+ 56. Kc1 Rxg2 57. Rxa3 Kh4 58. Kd1 Rg3
59. Ra8 Kxh3 60. Ke2 Kg2 61. Rf8 g5 62. Rf2+ Kg1 63. Rf1+ Kh2 64. Rf8 g4 65.
Rh8+ Kg2 66. Rh4 Kg1 67. Ke1 Re3+ 68. Kd2 Re4 69. Kd3 Ra4 70. Ke2 Kg2 71. Rh8
g3 72. Rh7 Kg1 73. Ke1 g2 74. Ke2 Re4+ 75. Kd3 Re5 76. Kd4 Rf5 77. Ke4 Rf2 78.
Ra7 Rb2 79. Ke3 Rb5 80. Kf3 Rb3+ 81. Ke2 Kh2 0-1

[Event "Gibtelecom Festival 2010 - Masters"]
[Site "Gibraltar ENG"]
[Date "2010.02.04"]
[Round "10.89"]
[White "Bishop, Geoffrey L"]
[Black "Bryn, Askild"]
[Result "0-1"]
[WhiteElo "1851"]
[BlackElo "2036"]
[PlyCount "74"]
[EventDate "2010.01.26"]
[EventType "swiss"]
[EventRounds "10"]
[EventCountry "ENG"]
[Source "lmi"]
[SourceDate "2010.01.26"]

1. e4 c5 2. Nf3 Nc6 3. d4 cxd4 4. Nxd4 e5 5. Nb5 h6 6. Be3 a6 7. Nd6+ Bxd6 8.
Qxd6 Qe7 9. Bc5 b6 10. Qxe7+ Ngxe7 11. Bd6 Bb7 12. Nd2 Nc8 13. Ba3 b5 14. c3 d6
15. g3 O-O 16. O-O-O Rd8 17. f4 exf4 18. gxf4 d5 19. Bg2 d4 20. Nb3 dxc3 21.
bxc3 Nb6 22. Nc5 Nc4 23. Nxb7 Rxd1+ 24. Rxd1 Nxa3 25. e5 Rc8 26. Nd6 Rc7 27.
Bd5 Na5 28. f5 Rxc3+ 29. Kb2 b4 30. e6 Rc2+ 31. Ka1 Re2 32. Rc1 Kf8 33. Rc8+
Ke7 34. Rc7+ Kxd6 35. Rd7+ Kc5 36. exf7 Re1+ 37. Kb2 Rb1# 0-1

[Event "Gibtelecom Festival 2010 - Masters"]
[Site "Gibraltar ENG"]
[Date "2010.02.04"]
[Round "10.91"]
[White "Zanetti, Bruno"]
[Black "Rough, Robert E"]
[Result "1-0"]
[WhiteElo "1978"]
[BlackElo "1811"]
[PlyCount "49"]
[EventDate "2010.01.26"]
[EventType "swiss"]
[EventRounds "10"]
[EventCountry "ENG"]
[Source "lmi"]
[SourceDate "2010.01.26"]

1. d4 Nf6 2. c4 e5 3. dxe5 Ng4 4. Nf3 Nc6 5. Bf4 Bb4+ 6. Nbd2 Qe7 7. a3 Bxd2+
8. Qxd2 Ngxe5 9. Nxe5 Nxe5 10. e3 d6 11. Be2 Bf5 12. O-O O-O 13. Rac1 Rfd8 14.
Qc3 Ng6 15. Bg3 c6 16. Rfd1 d5 17. cxd5 Rxd5 18. Rxd5 cxd5 19. Rd1 Rc8 20. Qd4
h6 21. Qxd5 Be4 22. Qd4 Rc2 23. Bf1 Kh7 24. f3 Bc6 25. Bd3 1-0

[Event "Gibtelecom Festival 2010 - Masters"]
[Site "Gibraltar ENG"]
[Date "2010.02.04"]
[Round "10.93"]
[White "Green, Per"]
[Black "Hansen, Erle Andrea Marki"]
[Result "1-0"]
[WhiteElo "1970"]
[BlackElo "1699"]
[PlyCount "69"]
[EventDate "2010.01.26"]
[EventType "swiss"]
[EventRounds "10"]
[EventCountry "ENG"]
[Source "lmi"]
[SourceDate "2010.01.26"]

1. Nf3 d5 2. d4 Nf6 3. c4 e6 4. g3 b6 5. cxd5 exd5 6. Bg2 Bb7 7. O-O Nbd7 8.
Qa4 Bd6 9. Nc3 O-O 10. Nb5 Be7 11. Bf4 c6 12. Nd6 Bxd6 13. Bxd6 Re8 14. e3 Ne4
15. Ba3 c5 16. dxc5 bxc5 17. Rac1 Nb6 18. Qb5 a6 19. Qb3 Qe7 20. Qxb6 Rec8 21.
Rfd1 Rc6 22. Qa5 Re8 23. Rc2 g5 24. Rdc1 g4 25. Nd4 Rf8 26. Bxc5 Qe5 27. Nb3
Rh6 28. Bd4 Qh5 29. Bxe4 Qxh2+ 30. Kf1 dxe4 31. Nd2 f5 32. Qc7 Qh1+ 33. Ke2
Qf3+ 34. Nxf3 gxf3+ 35. Kd2 1-0